[Event "Moscow-ch op Superfinal"]
[Site "Ershovo"]
[Date "2024.02.26"]
[Round "6"]
[White "Yakovlev, Egor"]
[Black "Scheglov, Gleb"]
[Result "0-1"]
[WhiteElo "2228"]
[BlackElo "2056"]
[PlyCount "102"]
[EventDate "2024.02.23"]
[EventType "swiss"]
[EventRounds "10"]
[EventCountry "RUS"]
[SourceTitle "CB10_2024"]
[SourceDate "2024.03.06"]
[SourceVersion "1"]
[SourceVersionDate "2024.03.06"]
[SourceQuality "1"]

1. e4 c6 2. d4 d5 3. Nc3 dxe4 4. Nxe4 Nf6 5. Nxf6+ exf6 6. c3 Bd6 7. Bd3 0-0 8. Ne2 Re8 9. Qc2 h5 10. Be3 Nd7 11. Ng3 Nf8 12. 0-0-0 g6 13. Ne4 Be7 14. h3 f5 15. Nc5 b6 16. Nb3 Bg5 17. Rhe1 Be6 18. Kb1 a5 19. f4 Bh4 20. Bf2 a4 21. Nc1 b5 22. g3 Bf6 23. a3 Qd7 24. Rg1 Bd5 25. Rde1 Rxe1 26. Rxe1 Ne6 27. Be3 Re8 28. Bf2 Kg7 29. Ka1 Re7 30. Qd2 Qd6 31. Bb1 Nd8 32. Rxe7 Qxe7 33. h4 Nb7 34. Qe3 Qc7 35. Bc2 Nd6 36. Nd3 Nc4 37. Qc1 Na5 38. Qd1 Be7 39. Nc5 Bd6 40. Kb1 Nc4 41. Qe2 Bxc5 42. dxc5 Be4 43. Bd4+ Kh7 44. Kc1 Qe7 45. Bd1 Qe6 46. b3 Nxa3 47. bxa4 Qd5 48. Qb2 Nc4 49. Qb4 Bd3 50. axb5 Qg2 51. Be3 Qa2 0-1

[Event "Moscow-ch op Superfinal"]
[Site "Ershovo"]
[Date "2024.02.24"]
[Round "3"]
[White "Yurasova, Daria"]
[Black "Yakovlev, Egor"]
[Result "1/2-1/2"]
[WhiteElo "2005"]
[BlackElo "2228"]
[PlyCount "66"]
[EventDate "2024.02.23"]
[EventType "swiss"]
[EventRounds "10"]
[EventCountry "RUS"]
[SourceTitle "CB10_2024"]
[SourceDate "2024.03.06"]
[SourceVersion "1"]
[SourceVersionDate "2024.03.06"]
[SourceQuality "1"]

1. d4 Nf6 2. c4 e6 3. Nc3 c5 4. d5 exd5 5. cxd5 d6 6. e4 g6 7. f4 Bg7 8. Bb5+ Nfd7 9. Be2 0-0 10. Nf3 Na6 11. 0-0 Nc7 12. Kh1 Rb8 13. a4 b6 14. e5 dxe5 15. Ng5 h6 16. d6 hxg5 17. dxc7 Qxc7 18. Nd5 Qd8 19. fxg5 a6 20. Be3 Bb7 21. Qb3 b5 22. Rad1 c4 23. Qa3 Bxd5 24. Rxd5 Qc7 25. Qe7 Rb7 26. Rfd1 Nb8 27. Qxc7 Rxc7 28. Bb6 Rc6 29. Bc5 Re8 30. axb5 axb5 31. Be3 e4 32. Rxb5 c3 33. bxc3 Rxc3 1/2-1/2

[Event "Malaya Zemlya Rapid op"]
[Site "Novorossiysk"]
[Date "2021.07.10"]
[Round "4"]
[White "Vastrukhin, Oleg"]
[Black "Yakovlev, Egor"]
[Result "1-0"]
[WhiteElo "2401"]
[BlackElo "2228"]
[PlyCount "75"]
[EventDate "2021.07.10"]
[EventType "swiss (rapid)"]
[EventRounds "9"]
[EventCountry "RUS"]
[SourceTitle "CBM 203 Extra"]
[Source "ChessBase"]
[SourceDate "2021.09.30"]
[SourceVersion "1"]
[SourceVersionDate "2021.09.30"]
[SourceQuality "1"]

1. Nf3 c5 2. g3 Nc6 3. Bg2 d5 4. d4 Nf6 5. 0-0 Qb6 6. dxc5 Qxc5 7. Be3 Qd6 8. c4 dxc4 9. Nbd2 g6 10. Nxc4 Qxd1 11. Rfxd1 Bg7 12. Nfe5 Nxe5 13. Nxe5 0-0 14. Rac1 Ng4 15. Nxg4 Bxg4 16. Rd2 Rac8 17. Rxc8 Rxc8 18. Bxb7 Rb8 19. Bf3 Bxf3 20. exf3 Bxb2 21. Bxa7 Ra8 22. Bc5 Ba3 23. Bxa3 Rxa3 24. f4 Kg7 25. Kf1 Kf6 26. Ke1 e5 27. fxe5+ Kxe5 28. Kd1 g5 29. Kc1 Ra7 30. Kb2 Rb7+ 31. Kc3 Rc7+ 32. Kb4 Rb7+ 33. Kc5 Ra7 34. Kb6 Ra3 35. Kb5 Ra8 36. a4 Rb8+ 37. Kc6 Ra8 38. Ra2 1-0

[Event "Malaya Zemlya Blitz op"]
[Site "Novorossiysk"]
[Date "2021.07.09"]
[Round "3"]
[White "Panarin, Mikhail"]
[Black "Yakovlev, Egor"]
[Result "1-0"]
[WhiteElo "2562"]
[BlackElo "2228"]
[PlyCount "107"]
[EventDate "2021.07.09"]
[EventType "swiss (blitz)"]
[EventRounds "13"]
[EventCountry "RUS"]
[SourceTitle "CBM 203 Extra"]
[Source "ChessBase"]
[SourceDate "2021.09.30"]
[SourceVersion "1"]
[SourceVersionDate "2021.09.30"]
[SourceQuality "1"]

1. e4 c5 2. Nf3 d6 3. d4 Nf6 4. dxc5 Nxe4 5. cxd6 Nxd6 6. Nc3 g6 7. Bf4 Bg7 8. Bxd6 Bxc3+ 9. bxc3 Qxd6 10. Qxd6 exd6 11. 0-0-0 Ke7 12. Bc4 Nc6 13. Rhe1+ Be6 14. Ng5 Nd8 15. Rd4 h6 16. Nxe6 fxe6 17. Bxe6 Nxe6 18. Rde4 g5 19. Rxe6+ Kd7 20. Re7+ Kc6 21. R1e6 Raf8 22. f3 h5 23. Rg6 Rhg8 24. Rxg8 Rxg8 25. Rf7 a5 26. c4 b6 27. Kd2 h4 28. h3 Re8 29. Rf5 Rg8 30. Kd3 Kd7 31. Kd4 Kc6 32. a3 Kc7 33. Kd5 Rg6 34. Rf7+ Kd8 35. Kc6 Ke8 36. Rf5 Ke7 37. Rd5 Rg8 38. Kxb6 Kd7 39. c5 Rb8+ 40. Kxa5 Kc6 41. Rxg5 d5 42. Ka4 Kxc5 43. Rg7 Kc4 44. Rc7+ Kd4 45. Ka5 Ke3 46. Rc5 d4 47. Rh5 Kd2 48. Rd5 Kc3 49. Rc5+ Kb2 50. a4 Ka3 51. Rc4 Rd8 52. Kb5 d3 53. cxd3 Rxd3 54. a5 1-0

[Event "Anapa Sea Harbor Cup Rapid"]
[Site "Anapa"]
[Date "2021.06.12"]
[Round "6"]
[White "Romanov, Evgeny"]
[Black "Yakovlev, Egor"]
[Result "1-0"]
[WhiteElo "2599"]
[BlackElo "2228"]
[PlyCount "83"]
[EventDate "2021.06.11"]
[EventType "swiss (rapid)"]
[EventRounds "9"]
[EventCountry "RUS"]
[SourceTitle "CBM 202 Extra"]
[Source "ChessBase"]
[SourceDate "2021.07.31"]
[SourceVersion "1"]
[SourceVersionDate "2021.07.31"]
[SourceQuality "1"]

1. c4 e5 2. g3 Nf6 3. Bg2 d5 4. cxd5 Nxd5 5. Nf3 Nc6 6. 0-0 Be7 7. d4 exd4 8. Nxd4 Nxd4 9. Qxd4 Nf6 10. Qxd8+ Bxd8 11. Nc3 0-0 12. b4 a6 13. e4 Re8 14. f4 c6 15. Be3 Nxe4 16. Bxe4 f5 17. Bd4 fxe4 18. f5 Be7 19. a3 a5 20. Nxe4 axb4 21. Rae1 Bd7 22. axb4 Rf8 23. g4 Rae8 24. Bc5 Bxc5+ 25. bxc5 Re5 26. Kf2 Rd5 27. Rd1 Ra8 28. Rxd5 cxd5 29. Nd6 Bc6 30. g5 Ra2+ 31. Kg3 Ra3+ 32. Kf4 Kf8 33. f6 d4 34. f7 d3 35. Re1 Ra8 36. Ke3 Rd8 37. Kxd3 b6 38. Kd4 bxc5+ 39. Kxc5 Ba4 40. Re4 Bd7 41. Kb6 Bf5 42. Re8+ 1-0

[Event "Anapa Sea Harbor Cup Rapid"]
[Site "Anapa"]
[Date "2021.06.11"]
[Round "3"]
[White "Yakovlev, Egor"]
[Black "Turov, Maxim"]
[Result "0-1"]
[WhiteElo "2228"]
[BlackElo "2565"]
[PlyCount "60"]
[EventDate "2021.06.11"]
[EventType "swiss (rapid)"]
[EventRounds "9"]
[EventCountry "RUS"]
[SourceTitle "CBM 202 Extra"]
[Source "ChessBase"]
[SourceDate "2021.07.31"]
[SourceVersion "1"]
[SourceVersionDate "2021.07.31"]
[SourceQuality "1"]

1. e4 c6 2. d4 d5 3. e5 Bf5 4. Nf3 e6 5. Be2 Ne7 6. 0-0 h6 7. c3 Nd7 8. Nbd2 Qc7 9. Nb3 g5 10. Ne1 0-0-0 11. Nd3 Ng6 12. f4 f6 13. Bg4 Bxd3 14. Qxd3 f5 15. Bh5 Nxf4 16. Bxf4 gxf4 17. Bf7 Nc5 18. Nxc5 Qxf7 19. b4 Rg8 20. Rxf4 Bxc5 21. bxc5 Rg7 22. a4 Rdg8 23. Ra2 Rg4 24. Rxg4 Rxg4 25. a5 a6 26. Rb2 Qg7 27. Qe3 Re4 28. Qf3 Qg5 29. Re2 Qc1+ 30. Kf2 Rf4 0-1

[Event "Moscow op-F 14th"]
[Site "Moscow"]
[Date "2018.02.02"]
[Round "8"]
[White "Yakovlev, Egor"]
[Black "Thing, Bibek"]
[Result "1-0"]
[WhiteElo "2232"]
[BlackElo "2252"]
[PlyCount "108"]
[EventDate "2018.01.26"]
[EventType "swiss"]
[EventRounds "9"]
[EventCountry "RUS"]
[SourceTitle "CBM 182 Extra"]
[Source "ChessBase"]
[SourceDate "2018.02.23"]
[SourceVersion "1"]
[SourceVersionDate "2018.02.23"]
[SourceQuality "1"]

1. e4 c5 2. Nf3 d6 3. d4 cxd4 4. Nxd4 Nf6 5. Nc3 a6 6. h3 h5 7. Bg5 e6 8. f4 Be7 9. Qf3 Qc7 10. 0-0-0 Nc6 11. Nxc6 Qxc6 12. e5 Qxf3 13. gxf3 dxe5 14. fxe5 Nd5 15. Nxd5 Bxg5+ 16. f4 Bd8 17. Nc3 g5 18. Ne4 gxf4 19. Nd6+ Ke7 20. Bg2 f6 21. Be4 Bb6 22. Nc4 Bf2 23. Rhf1 Bg3 24. Rd3 h4 25. Rc3 Rb8 26. Rd1 fxe5 27. Nxe5 Rg8 28. Rc7+ Kf6 29. Ng4+ Rxg4 30. hxg4 f3 31. Rc5 Bf4+ 32. Kb1 f2 33. Rf1 e5 34. Rxf2 Bxg4 35. Rc7 b6 36. Rc6+ Kg5 37. Rg6+ Kh5 38. Rg7 h3 39. Bf3 Bxf3 40. Rxf3 Kh4 41. Rh7+ Kg4 42. Rfxh3 Re8 43. Rh1 Re6 44. Rf7 Kf3 45. c4 Rg6 46. Re1 Rg5 47. Kc2 Rg2+ 48. Kb3 Rf2 49. Rxe5 Kg3 50. Ref5 Rf3+ 51. Kc2 Rf2+ 52. Kd3 Kg4 53. Rxf4+ Rxf4 54. Rxf4+ Kxf4 1-0

[Event "Pardubice Chladek&Tintera op"]
[Site "Pardubice"]
[Date "2014.07.17"]
[Round "9"]
[White "Avetisyan, Aleksey"]
[Black "Yakovlev, Egor"]
[Result "0-1"]
[WhiteElo "2023"]
[BlackElo "2034"]
[PlyCount "64"]
[EventDate "2014.07.16"]
[EventType "swiss (rapid)"]
[EventRounds "9"]
[EventCountry "CZE"]
[SourceTitle "EXT 2015"]
[Source "ChessBase"]
[SourceDate "2014.11.20"]
[SourceVersion "1"]
[SourceVersionDate "2014.11.20"]
[SourceQuality "1"]

1. e4 c5 2. Nf3 d6 3. Bb5+ Nd7 4. Qe2 a6 5. Bxd7+ Bxd7 6. b3 e5 7. 0-0 g6 8. Bb2 Bg7 9. Rd1 Ne7 10. c3 0-0 11. d4 Qc7 12. dxc5 dxc5 13. c4 Nc6 14. Nc3 Nd4 15. Nxd4 exd4 16. Nd5 Qd6 17. Re1 Rae8 18. Qf3 b5 19. Qg3 Qc6 20. f4 Kh8 21. e5 Be6 22. Nf6 Bxf6 23. exf6 bxc4 24. bxc4 Bxc4 25. Qg5 Rb8 26. Ba3 Rbc8 27. Rec1 Qb5 28. Rab1 Qa5 29. Rxc4 Qxa3 30. Qh6 Rg8 31. Rb7 Qe3+ 32. Kf1 Qd3+ 0-1

[Event "Pardubice Chladek&Tintera op"]
[Site "Pardubice"]
[Date "2014.07.16"]
[Round "3"]
[White "Zoubek, David"]
[Black "Yakovlev, Egor"]
[Result "0-1"]
[WhiteElo "1789"]
[BlackElo "2034"]
[PlyCount "38"]
[EventDate "2014.07.16"]
[EventType "swiss (rapid)"]
[EventRounds "9"]
[EventCountry "CZE"]
[SourceTitle "EXT 2015"]
[Source "ChessBase"]
[SourceDate "2014.11.20"]
[SourceVersion "1"]
[SourceVersionDate "2014.11.20"]
[SourceQuality "1"]

1. d4 d5 2. c4 c6 3. Nf3 Nf6 4. Nc3 e6 5. e3 Nbd7 6. Bd3 dxc4 7. Bxc4 b5 8. Bd3 Bd6 9. 0-0 0-0 10. e4 e5 11. dxe5 Nxe5 12. Nxe5 Bxe5 13. Qc2 Ng4 14. h3 Qh4 15. Be3 Nxe3 16. fxe3 Qg3 17. Rf3 Qg5 18. Kf2 Be6 19. b3 b4 0-1

[Event "Pardubice op rap 24th"]
[Site "Pardubice"]
[Date "2013.07.18"]
[Round "5"]
[White "Yakovlev, Egor"]
[Black "Kareva, Natalia"]
[Result "1/2-1/2"]
[WhiteElo "1985"]
[BlackElo "2109"]
[PlyCount "77"]
[EventDate "2013.07.17"]
[EventType "swiss (rapid)"]
[EventRounds "9"]
[EventCountry "CZE"]
[SourceTitle "CBM 155 Extra"]
[Source "ChessBase"]
[SourceDate "2013.08.26"]
[SourceVersion "1"]
[SourceVersionDate "2013.08.26"]
[SourceQuality "1"]

1. e4 c6 2. d4 d5 3. e5 c5 4. Nf3 Nc6 5. dxc5 e6 6. c4 Bxc5 7. cxd5 exd5 8. Nc3 Bb4 9. Bd2 Bg4 10. Bb5 Nge7 11. h3 Bxf3 12. Qxf3 0-0 13. Qg3 Ng6 14. f4 Qh4 15. Qxh4 Nxh4 16. 0-0 Rad8 17. Bd3 Ng6 18. Rad1 Rfe8 19. a3 Bc5+ 20. Kh2 a6 21. b4 Ba7 22. b5 axb5 23. Nxb5 Bb8 24. g3 Nge7 25. Rfe1 d4 26. Be4 Nd5 27. Bc1 Nc3 28. Nxc3 dxc3 29. Rxd8 Rxd8 30. Re3 Nd4 31. Rxc3 Ne2 32. Rc2 Nxc1 33. Rxc1 g5 34. Bxb7 gxf4 35. gxf4 f6 36. Rc8 Rxc8 37. Bxc8 fxe5 38. fxe5 Bxe5+ 39. Kg2 1/2-1/2

[Event "Pardubice op rap 24th"]
[Site "Pardubice"]
[Date "2013.07.17"]
[Round "1"]
[White "Yakovlev, Egor"]
[Black "Konguvel, Ponnuswamy"]
[Result "0-1"]
[WhiteElo "1985"]
[BlackElo "2319"]
[PlyCount "84"]
[EventDate "2013.07.17"]
[EventType "swiss (rapid)"]
[EventRounds "9"]
[EventCountry "CZE"]
[SourceTitle "CBM 155 Extra"]
[Source "ChessBase"]
[SourceDate "2013.08.26"]
[SourceVersion "1"]
[SourceVersionDate "2013.08.26"]
[SourceQuality "1"]

1. e4 c5 2. Nf3 e6 3. d4 cxd4 4. Nxd4 Nc6 5. Nb5 d6 6. c4 Nf6 7. N5c3 Be7 8. Be2 b6 9. 0-0 Bb7 10. Be3 0-0 11. Qd2 Rc8 12. Na3 Qc7 13. Rfd1 Qb8 14. Rac1 Ne5 15. f3 Kh8 16. Qe1 Rg8 17. Qf1 g5 18. Kh1 Rg6 19. Nab5 Rcg8 20. h3 a6 21. Nd4 Nh5 22. Qf2 Nf4 23. Bf1 Rh6 24. Nce2 Nfd3 25. Qg3 Nxc1 26. Rxc1 Rhg6 27. b3 Qf8 28. b4 f5 29. exf5 exf5 30. Qh2 f4 31. Bg1 Rf6 32. Nc3 g4 33. fxg4 Nxg4 34. hxg4 Rh6 35. Nd5 Rxh2+ 36. Bxh2 Bxd5 37. cxd5 Bf6 38. Ne6 Qh6 39. Rc7 f3 40. gxf3 Qe3 41. Kg2 Qd2+ 42. Kh3 Qf2 0-1

[Event "Nebug op U14"]
[Site "Nebug"]
[Date "2012.03.05"]
[Round "5"]
[White "Yakovlev, Egor"]
[Black "Pavlov, Nikolay1111"]
[Result "1/2-1/2"]
[WhiteElo "1893"]
[BlackElo "2085"]
[PlyCount "81"]
[EventDate "2012.03.02"]
[EventType "swiss"]
[EventRounds "9"]
[EventCountry "RUS"]
[SourceTitle "EXT 2023"]
[Source "ChessBase"]
[SourceDate "2022.10.05"]
[SourceVersion "1"]
[SourceVersionDate "2022.10.05"]
[SourceQuality "1"]

1. d4 Nf6 2. c4 g6 3. Nc3 Bg7 4. e4 0-0 5. Nf3 d6 6. Be2 e5 7. 0-0 Na6 8. Be3 c6 9. Qd2 Qe7 10. d5 c5 11. a3 Ng4 12. Bg5 Bf6 13. Bxf6 Nxf6 14. Rfb1 Nh5 15. b4 Nf4 16. b5 Nb8 17. Bf1 Bd7 18. g3 Nh5 19. Ng5 h6 20. Nh3 Kh7 21. f3 f5 22. Bd3 f4 23. g4 Ng7 24. Qg2 Rf7 25. Nf2 Ne8 26. a4 Kg7 27. a5 Rf8 28. Kf1 Rh8 29. Ke2 Kf7 30. Rh1 Ng7 31. h4 Ne8 32. g5 h5 33. Rhb1 Ng7 34. Kd1 Rf8 35. Kc2 Re8 36. Ne2 Rd8 37. Nc3 Rg8 38. Nh3 Qd8 39. Ng1 Qe8 40. Nge2 Qf8 41. Rh1 1/2-1/2

[Event "Nebug op U14"]
[Site "Nebug"]
[Date "2012.03.03"]
[Round "2"]
[White "Yakovlev, Egor"]
[Black "Markarov, Vladimir"]
[Result "1-0"]
[WhiteElo "1893"]
[BlackElo "1733"]
[PlyCount "107"]
[EventDate "2012.03.02"]
[EventType "swiss"]
[EventRounds "9"]
[EventCountry "RUS"]
[SourceTitle "EXT 2023"]
[Source "ChessBase"]
[SourceDate "2022.10.05"]
[SourceVersion "1"]
[SourceVersionDate "2022.10.05"]
[SourceQuality "1"]

1. e4 e5 2. f4 exf4 3. Nf3 d6 4. d4 g5 5. Bc4 g4 6. 0-0 Bh6 7. Ne1 Ne7 8. Nd3 0-0 9. Nxf4 Bg7 10. Nh5 Ng6 11. Nxg7 Kxg7 12. Qd2 Qh4 13. g3 Qh5 14. Nc3 c6 15. Qf2 Nd7 16. Qxf7+ Rxf7 17. Rxf7+ Kh8 18. Rf5 Qxf5 19. exf5 Ne7 20. Be6 Nf8 21. Bg5 Nxf5 22. Bxc8 Rxc8 23. Rf1 Ng7 24. Rf7 Nfe6 25. Bf6 Kg8 26. Rxb7 Nh5 27. Ne4 Rf8 28. Be7 Rf3 29. Ng5 Nxg5 30. Bxg5 Rf5 31. Be7 Ra5 32. a3 d5 33. Bb4 Ra4 34. b3 Ra6 35. Bc5 Nf6 36. Rxa7 Rxa7 37. Bxa7 Nd7 38. a4 Kf7 39. a5 Ke7 40. a6 Kd8 41. Bb8 Kc8 42. a7 Kb7 43. Kf2 Nxb8 44. axb8Q+ Kxb8 45. Ke3 Kb7 46. c4 dxc4 47. bxc4 Kc7 48. Kf4 Kd6 49. Kxg4 Ke6 50. Kg5 Kf7 51. Kh6 Kg8 52. h4 Kh8 53. g4 Kg8 54. d5 1-0